| 000 | 01901nam a22002537a 4500 | ||
|---|---|---|---|
| 005 | 20240305165632.0 | ||
| 007 | cr|||| |||| | ||
| 008 | 220516s2021 br |||||s|||| 00||0 por d | ||
| 020 | _a978-65-89888-15-4 | ||
| 035 | _a36406 | ||
| 040 | _avLex | ||
| 090 |
_c13343 _d13343 |
||
| 100 | 1 | _aGuimarães Castello, Melissa | |
| 245 | 1 | 2 |
_aUm novo IVA? _h[Recurso electrónico] : _bOs tributos sobre o consumo e a economia digital / _cMelissa Guimarães Castello |
| 256 | _aServicio en línea | ||
| 260 |
_aSan Pablo: _bEditora Noeses, _c2021 |
||
| 300 | _a1 recurso electrónico | ||
| 500 | _aA Autora discorre sobre os desafios atuais e futuros do IVA - Imposto sobre Valor Agregado na nova economia digital. Aponta a necessidade de modificação da estrutura do IVA, como imposto sobre consumo, para que esse tributo esteja apto a incidir sobre o consumo do Século XXI, com observância aos princípios da neutralidade e da eficiência. Enfrenta a questão tributária de como tributar o consumo no Século XXI, diante do comércio eletrônico; das novas tecnologias e inteligência artificial, que levam às profundas modificações nas relações de consumo e nas cadeias produtivas. Trata-se de obra de abordagem inédita e atual, apta a fomentar o debate das propostas de reforma tributária, merecendo a recomendação não apenas no Brasil como a nível internacional, dada a natureza desse imposto e dos problemas atuais abordados pela Autora. | ||
| 506 | 1 |
_aDisponible solo en los productos indicados _dvLex Global _dvLex Global (Academic Edition, excluding Law Schools) _dvLex Global (U.S. Academic Edition, Law Schools) _dvLex Global (U.S. Academic Edition, excluding Law Schools) _dvLex Global (Academic Edition, Law Schools) |
|
| 650 | 0 | 4 |
_aDerecho Tributario _zBrasil |
| 740 | 0 | _avLex Libros (Servicio en línea) | |
| 856 | 4 | 0 | _uhttps://app.vlex.com/#/sources/36406 |
| 942 | _cRAA | ||
| 999 |
_c171579 _d171579 |
||